Normal view
MARC view
- الدبلوماسية-التاريخ الدبلوماسي-العلاقات
Entry Topical Term
001 - CONTROL NUMBER
- control field: 60193
003 - CONTROL NUMBER IDENTIFIER
- control field: JO-AjAnu
005 - DATE AND TIME OF LATEST TRANSACTION
- control field: 20230606083835.0
008 - FIXED-LENGTH DATA ELEMENTS
- fixed length control field: 230606|| aca||aabn | a|a d
040 ## - CATALOGING SOURCE
- Original cataloging agency: JO-AjAnu
- Transcribing agency: JO-AjAnu
150 ## - HEADING--TOPICAL TERM
- Topical term or geographic name entry element: الدبلوماسية-التاريخ الدبلوماسي-العلاقات
670 ## - SOURCE DATA FOUND
- Source citation: Work cat.: (JO-AjAnu)30697: الجبوري، احمد اسماعيل؛ م.مشارك اياد علي الهاشمي, author 60192, التاريخ الدبلوماسي=Diplomatic History